000 01055cam a2200313 a 4500
001 4973655
003 ARRUPE
005 20151030104809.0
008 970909s1997 enka b 001 0 eng d
010 _a 97197792
020 _a185396364X
035 _a(OCoLC)37592964
040 _aTxDN
_cTxDN
_dDLC
042 _alccopycat
043 _ae-uk---
050 0 0 _aLB1725.G6
_bT385 1997
082 0 0 _a370/.71/042
_221
100 _aMcIntyre, Donald,
_920796
245 0 0 _aTeacher education research in a new context :
_bthe Oxford Internship Scheme /
_cedited by Donald McIntyre.
260 _aLondon :
_bPaul Chapman Pub.,
_cc1997.
300 _aviii, 206 p. :
_bill. ;
_c24 cm.
440 0 _aNew Bera dialogues
_920797
504 _aIncludes bibliographical references and index.
650 0 _aTeachers
_xTraining of
_zGreat Britain.
_920798
700 1 _aMcIntyre, Donald,
_d1937-2007.
_920799
906 _a7
_bcbc
_ccopycat
_d3
_encip
_f19
_gy-gencatlg
942 _2lcc
_cMONOGRAPH
999 _c123700
_d123700